|
|
|
|
| LEADER |
02855nam a22003617a 4500 |
| 001 |
28086 |
| 003 |
BD-DhAAL |
| 005 |
20240117122229.0 |
| 008 |
190721t2019 bg ||||| |||| 00| 1 ben d |
| 020 |
|
|
|a 98483091253
|
| 020 |
|
|
|a 9847034305722
|
| 040 |
|
|
|a BD-DhAAL
|c BD-DhAAL
|
| 082 |
|
|
|a 891.4437
|2 22
|
| 100 |
|
|
|a বন্দোপাধ্যায়, তারাশঙ্কর.
|9 5307
|
| 245 |
|
|
|a কবি /
|c তারাশঙ্কর বন্দোপাধ্যায়; ভূমিকা, রতন সিদ্দিকী; মোহিতলাল মজুমদার.
|
| 246 |
|
|
|a Kavi
|
| 260 |
|
|
|a ঢাকা :
|b বিশ্ব সাহিত্য ভবন ;
|b বিভাস ;
|b স্ট্যান্ডার্ড পাবলিশার্স লিমিটেড,
|c ১৯৬২, ২০১৩, ২০১৯.
|
| 300 |
|
|
|a ১৪৩ পৃষ্ঠা,
|a ১৩৬ পৃষ্ঠা,
|a ২৯৬ পৃষ্ঠা ;
|c ২১ সে. মি.
|
| 526 |
|
|
|a Residential Campus
|
| 541 |
|
|
|a Development Book Agency, Donated by Rebecca Dipa Khan
|e 28086, 28087, 28088, 28089, 28090, 34817, 42100
|
| 651 |
|
|
|a India
|x Fiction
|9 32968
|
| 700 |
|
|
|a সিদ্দিকী, রতন.
|9 5308
|
| 700 |
|
|
|a মজুমদার, মোহিতলাল.
|9 32969
|
| 852 |
|
|
|a Ayesha Abed Library
|c General Stacks
|
| 942 |
|
|
|2 ddc
|c BK
|0 4
|
| 999 |
|
|
|c 32843
|d 32843
|
| 952 |
|
|
|0 0
|1 4
|2 ddc
|4 0
|6 891_443700000000000_TAR
|7 0
|9 42953
|a BRACUL
|b BRACUL
|c GEN
|d 2014-07-06
|e Development Book Agency
|g 180.00
|l 4
|m 7
|o 891.4437 TAR
|p 3010028086
|r 2015-12-21
|s 2015-12-09
|t 1
|w 2014-07-06
|y BK
|x Koha Inventory 2020
|
| 952 |
|
|
|0 0
|1 0
|2 ddc
|4 0
|6 891_443700000000000_BEN
|7 0
|9 42954
|a BRACUL
|b BRACUL
|c GEN
|d 2014-07-06
|e Development Book Agency
|g 180.00
|l 16
|m 157
|o 891.4437 BEN
|p 3010028087
|r 2025-09-07
|s 2025-08-10
|t 2
|w 2014-07-06
|y BK
|
| 952 |
|
|
|0 0
|1 0
|2 ddc
|4 0
|6 891_443700000000000_BEN
|7 0
|9 42955
|a BRACUL
|b BRACUL
|c GEN
|d 2014-07-06
|e Development Book Agency
|g 180.00
|l 15
|m 157
|o 891.4437 BEN
|p 3010028088
|r 2025-09-08
|s 2025-07-08
|t 3
|w 2014-07-06
|y BK
|
| 952 |
|
|
|0 0
|1 0
|2 ddc
|4 0
|6 891_443700000000000_BEN
|7 0
|9 42956
|a BRACUL
|b BRACUL
|c GEN
|d 2014-07-06
|e Development Book Agency
|g 180.00
|l 12
|m 154
|o 891.4437 BEN
|p 3010028089
|r 2025-02-17
|s 2025-02-08
|t 4
|w 2014-07-06
|y BK
|
| 952 |
|
|
|0 0
|1 0
|2 ddc
|4 0
|6 891_443700000000000_BEN
|7 0
|9 42957
|a BRACUL
|b BRACUL
|c GEN
|d 2014-07-06
|e Development Book Agency
|g 180.00
|l 15
|m 129
|o 891.4437 BEN
|p 3010028090
|r 2025-07-20
|s 2025-07-10
|t 5
|w 2014-07-06
|y BK
|
| 952 |
|
|
|0 0
|1 0
|2 ddc
|4 0
|6 891_443700000000000_BEN
|7 0
|9 65664
|a SCL
|b SCL
|c GEN
|d 2019-07-17
|e Development Book Agency
|g 170.00
|l 6
|m 18
|o 891.4437 BEN
|p 3020034817
|r 2024-04-03
|s 2024-04-01
|t 6
|v 170.00
|w 2019-07-17
|y BK
|
| 952 |
|
|
|0 0
|1 0
|2 ddc
|4 0
|6 891_443700000000000_BEN
|7 0
|9 74963
|a BRACUL
|b BRACUL
|c GEN
|d 2024-01-17
|e Donated By Rebecca Dipa Khan
|l 3
|m 9
|o 891.4437 BEN
|p 3010042100
|r 2026-04-02
|s 2026-03-01
|t 7
|w 2024-01-17
|y BK
|